000
00278nam a2200109Ia 4500
008
220204s9999 xx 000 0 und d
082
_a
5(031)
_b
DEM
245
0
_a
Great world encyclopedia of science
260
_a
Maidenhead
_b
Sampson
_c
1977
700
_a
Dempsey, M W
942
_c
BK
999
_c
26585
_d
26585